[Event "Fagernes Chess International 2014"]
[Site "Fagernes"]
[Date "2014.04.13"]
[Round "1"]
[White "Fossan, Andreas"]
[Black "Kjølberg, Jens Hjorth"]
[Result "0-1"]
[WhiteElo "1699"]
[BlackElo "2092"]
[PlyCount "64"]
[EventDate "2014.??.??"]

1. d4 Nf6 2. c4 e6 3. Nf3 Bb4+ 4. Bd2 c5 5. Bxb4 cxb4 6. g3 O-O 7. Bg2 a5 8.
O-O d6 9. Qd3 Qe7 10. Nbd2 e5 11. e4 b6 12. Ne1 Nc6 13. Nc2 Nd7 14. Rfe1 Ba6
15. Rad1 Rab8 16. Nf1 b5 17. dxe5 bxc4 18. Qxd6 Ndxe5 19. f4 Qa7+ 20. Kh1 Rbd8
21. fxe5 Rxd6 22. exd6 Ne5 23. Rd5 Nd3 24. Re2 Bb7 25. Rb5 Bc6 26. Rf5 Nxb2 27.
Nxb4 axb4 28. Rxb2 Rb8 29. Rff2 c3 30. Rbe2 Bb5 31. Rc2 Bd3 32. Rc1 Qxf2
0-1

[Event "Fagernes Chess International 2014"]
[Site "Fagernes"]
[Date "2014.04.13"]
[Round "1"]
[White "Laverton, Christian"]
[Black "Bue, Gunnar"]
[Result "1-0"]
[WhiteElo "2080"]
[BlackElo "1693"]
[PlyCount "49"]
[EventDate "2014.??.??"]

1. d4 Nf6 2. c4 d6 3. Nf3 g6 4. Nc3 Bg7 5. e4 O-O 6. Be2 Nc6 7. d5 Nb8 8. O-O
e6 9. Bg5 h6 10. Be3 exd5 11. cxd5 Re8 12. Nd2 a6 13. Rc1 Nbd7 14. h3 Nc5 15.
Qc2 b5 16. b4 Ncd7 17. Nb3 Nb6 18. Bd3 Bd7 19. Na5 Nh5 20. Qe2 Qh4 21. Qf3 Bxc3
22. Rxc3 Nxd5 23. exd5 Qxb4 24. Rxc7 Rxe3 25. fxe3
1-0

[Event "Fagernes Chess International 2014"]
[Site "Fagernes"]
[Date "2014.04.13"]
[Round "1"]
[White "Hansen, Linda Marie"]
[Black "Bentsen, Håkon"]
[Result "1/2-1/2"]
[WhiteElo "1685"]
[BlackElo "2074"]
[PlyCount "65"]
[EventDate "2014.??.??"]

1. e4 e5 2. d4 exd4 3. c3 d5 4. exd5 Qxd5 5. cxd4 Nc6 6. Be3 Nf6 7. Nf3 Bg4 8.
Be2 Bb4+ 9. Nc3 O-O 10. O-O Qd6 11. Qc2 Bxf3 12. Bxf3 Nxd4 13. Bxd4 Qxd4 14.
Bxb7 Rab8 15. Bf3 Bd6 16. g3 h5 17. Rad1 Qc5 18. Rc1 Qb4 19. b3 Qa5 20. Rfd1
Rfe8 21. Nd5 Nxd5 22. Rxd5 Re1+ 23. Rxe1 Qxe1+ 24. Kg2 g6 25. Rg5 Qe7 26. h4
Kf8 27. Qc3 Ke8 28. Bc6+ Kd8 29. Qh8+ Qf8 30. Qf6+ Qe7 31. Qh8+ Qf8 32. Qf6+
Qe7 33. Qh8+
1/2-1/2

[Event "Fagernes Chess International 2014"]
[Site "Fagernes"]
[Date "2014.04.13"]
[Round "1"]
[White "Taksrud, Vidar"]
[Black "Yilmaz, Kazim"]
[Result "1-0"]
[WhiteElo "2052"]
[BlackElo "1683"]
[PlyCount "87"]
[EventDate "2014.??.??"]

1. Nf3 c5 2. c4 Nc6 3. Nc3 Nf6 4. g3 g6 5. Bg2 Bg7 6. O-O O-O 7. d4 cxd4 8.
Nxd4 Qb6 9. Nb3 d6 10. Nd5 Nxd5 11. cxd5 Nb4 12. Be3 Qd8 13. Qd2 Na6 14. Rac1
Bd7 15. Bd4 b6 16. Bxg7 Kxg7 17. Nd4 Rb8 18. Qc3 Kg8 19. Qa3 Nc7 20. Nc6 Bxc6
21. Rxc6 Rb7 22. Rfc1 a5 23. Qc3 Nb5 24. Qc4 Na7 25. Qa6 Qb8 26. R6c2 Rc8 27.
Rxc8+ Nxc8 28. Bh3 Na7 29. Qc4 b5 30. Qc3 b4 31. Qc4 Nb5 32. Qc8+ Qxc8 33.
Rxc8+ Kg7 34. Ra8 Ra7 35. Rxa7 Nxa7 36. Bd7 f5 37. f4 Kf6 38. Kf2 h6 39. h4 g5
40. fxg5+ hxg5 41. h5 g4 42. h6 Kg6 43. Bxf5+ Kxh6 44. Bd7
1-0

[Event "Fagernes Chess International 2014"]
[Site "Fagernes"]
[Date "2014.04.13"]
[Round "1"]
[White "Skjelstad, Erling"]
[Black "Lien, Kjell Håkon"]
[Result "1-0"]
[WhiteElo "1667"]
[BlackElo "2050"]
[PlyCount "55"]
[EventDate "2014.??.??"]

1. e4 c5 2. f4 d5 3. e5 Nc6 4. Nf3 e6 5. c4 dxc4 6. Bxc4 Be7 7. Nc3 a6 8. d3 b5
9. Bb3 Nh6 10. O-O Bb7 11. a4 Qb6 12. Kh1 O-O 13. Ne4 Nf5 14. Nfg5 Ncd4 15.
axb5 axb5 16. Rxa8 Bxa8 17. Bc2 Qc6 18. Nf3 Rd8 19. Nxd4 Nxd4 20. Be3 Nxc2 21.
Qxc2 c4 22. Rc1 Qb7 23. Nc5 Bxc5 24. Bxc5 Rxd3 25. Bd6 Qd5 26. Ra1 Rd2 27. Qxd2
Qc6 28. Be7
1-0

[Event "Fagernes Chess International 2014"]
[Site "Fagernes"]
[Date "2014.04.13"]
[Round "1"]
[White "Skaug, Thorbjørn"]
[Black "Kristiansen, Willy"]
[Result "0-1"]
[WhiteElo "1631"]
[BlackElo "2017"]
[PlyCount "94"]
[EventDate "2014.??.??"]

1. b4 c6 2. c4 d5 3. e3 Nf6 4. Bb2 Bf5 5. Nf3 e6 6. a3 Nbd7 7. cxd5 cxd5 8. Be2
h6 9. O-O Be7 10. Nc3 O-O 11. Qb3 a5 12. Rfc1 axb4 13. axb4 Qb6 14. Nb5 Rxa1
15. Rxa1 Rc8 16. Rc1 Rxc1+ 17. Bxc1 Nb8 18. Ba3 Bh7 19. Nbd4 Nc6 20. Nxc6 bxc6
21. Nd4 e5 22. Nc2 Nd7 23. d4 f6 24. Bd3 Bxd3 25. Qxd3 e4 26. Qc3 Qb5 27. g3
Nb6 28. Bb2 Nc4 29. Na3 Qxb4 30. Nxc4 Qxc3 31. Bxc3 dxc4 32. Kg2 Kf7 33. f3 f5
34. h3 Ke6 35. f4 g6 36. g4 Kd5 37. Kg3 Kd6 38. h4 h5 39. g5 Kc7 40. Kf2 Kb6
41. Ke2 Kb5 42. Kd2 Ka4 43. Kc2 Bb4 44. d5 Bxc3 45. dxc6 Ba5 46. c7 Bxc7 47.
Kc3 Kb5
0-1

[Event "Fagernes Chess International 2014"]
[Site "Fagernes"]
[Date "2014.04.13"]
[Round "1"]
[White "Machlik, Monika"]
[Black "Dyrhaug, Sverre S"]
[Result "1-0"]
[WhiteElo "1976"]
[BlackElo "1574"]
[PlyCount "79"]
[EventDate "2014.??.??"]

1. d4 Nf6 2. c4 e6 3. Nc3 d5 4. cxd5 Nxd5 5. e4 Nxc3 6. bxc3 Be7 7. Nf3 O-O 8.
Bd3 b6 9. O-O Bb7 10. Re1 c5 11. Be3 Nd7 12. e5 cxd4 13. cxd4 Bb4 14. Rf1 Kh8
15. Ng5 g6 16. Ne4 Rc8 17. Bg5 Qe8 18. Nf6 Nxf6 19. Bxf6+ Kg8 20. Qg4 Be7 21.
Rae1 Qd7 22. Re3 Rfd8 23. Bb5 Bc6 24. Bxc6 Rxc6 25. Rd3 Rc4 26. Qh4 Bxf6 27.
exf6 h5 28. Qg5 Qe8 29. Rfd1 Rd5 30. Qh4 e5 31. Re1 e4 32. f3 Rdxd4 33. Rxd4
Rxd4 34. fxe4 Qe6 35. Qf4 Qc8 36. Qe5 Rd2 37. Kh1 Rxa2 38. Qe7 b5 39. Rd1 Qf8
40. Qxf8+
1-0

[Event "Fagernes Chess International 2014"]
[Site "Fagernes"]
[Date "2014.04.13"]
[Round "1"]
[White "Wærstad, Leif E"]
[Black "Torgersen, Terje"]
[Result "0-1"]
[WhiteElo "1560"]
[BlackElo "1970"]
[PlyCount "80"]
[EventDate "2014.??.??"]

1. d4 Nf6 2. Nf3 g6 3. c4 Bg7 4. e3 O-O 5. Be2 c5 6. O-O cxd4 7. Nxd4 Nc6 8.
Nc3 d6 9. Rb1 Bd7 10. b3 a6 11. Bb2 Rb8 12. Bf3 Nxd4 13. exd4 b5 14. cxb5 axb5
15. b4 Bf5 16. Ra1 d5 17. Re1 Qd7 18. Qb3 e6 19. a4 bxa4 20. Rxa4 Bg4 21. Bxg4
Nxg4 22. h3 Nh6 23. Ne2 Rfc8 24. Rea1 Qb5 25. Nc3 Qc4 26. Qa3 Qxd4 27. Rc1 Qd2
28. Rd1 Qc2 29. Rc1 Qf5 30. b5 d4 31. Ne2 Rxc1+ 32. Bxc1 Qxb5 33. Nxd4 Qb1 34.
Kh2 Bf8 35. Qa1 Nf5 36. Nxf5 Qxf5 37. Be3 Bd6+ 38. g3 Qf3 39. Qh1 Bxg3+ 40.
fxg3 Rb2+
0-1

[Event "Fagernes Chess International 2014"]
[Site "Fagernes"]
[Date "2014.04.13"]
[Round "1"]
[White "Theting, Helge E."]
[Black "Berntsen-Øybø, August"]
[Result "1-0"]
[WhiteElo "1943"]
[BlackElo "1545"]
[PlyCount "67"]
[EventDate "2014.??.??"]

1. Nf3 Nf6 2. g3 d5 3. Bg2 Bf5 4. O-O e6 5. d3 h6 6. Nbd2 Bd6 7. Qe1 Bh7 8. e4
Be7 9. e5 Nfd7 10. Qe2 O-O 11. Re1 c6 12. Nf1 Na6 13. h4 Qc7 14. N1h2 c5 15.
Bf4 Nb6 16. Ng4 c4 17. d4 Nb4 18. Rec1 Na4 19. a3 Nc6 20. Nf6+ gxf6 21. exf6
Bd6 22. Bxh6 Qd8 23. Bg7 e5 24. Ng5 Bg6 25. h5 Nxd4 26. Qg4 Bf5 27. h6 Bh7 28.
Nxh7 Kxh7 29. Bxd5 Rh8 30. Be4+ Kg8 31. h7+ Rxh7 32. Bxh7+ Kxh7 33. Qh5+ Kg8
34. Qh8#
1-0

[Event "Fagernes Chess International 2014"]
[Site "Fagernes"]
[Date "2014.04.13"]
[Round "1"]
[White "Kaasen, Tor Fredrik"]
[Black "Ayzenberg, Alena"]
[Result "1-0"]
[WhiteElo "1527"]
[BlackElo "1929"]
[PlyCount "87"]
[EventDate "2014.??.??"]

1. e4 d6 2. d4 Nf6 3. Nc3 g6 4. Bc4 Nbd7 5. f4 Nb6 6. Bb3 Bg4 7. Nf3 c6 8. h3
Bxf3 9. Qxf3 Qc7 10. e5 Nfd7 11. exd6 Qxd6 12. Be3 Nf6 13. g4 Nbd5 14. Bxd5
Nxd5 15. Nxd5 cxd5 16. O-O-O Rc8 17. Rd3 Bg7 18. h4 Rc6 19. h5 e6 20. hxg6 hxg6
21. Rxh8+ Bxh8 22. f5 gxf5 23. gxf5 b5 24. Qh3 Bf6 25. Qg4 Kd7 26. fxe6+ fxe6
27. Bf4 Qe7 28. Be5 Bxe5 29. dxe5 Qh7 30. Qd4 Qh1+ 31. Rd1 Qh6+ 32. Kb1 Rb6 33.
a4 b4 34. a5 Rb7 35. Qc5 Kd8 36. Qd6+ Rd7 37. Qb8+ Ke7 38. Qxb4+ Kf7 39. Rf1+
Kg8 40. Qb8+ Kh7 41. Rf8 Qg7 42. Qe8 Rb7 43. Qh5+ Qh6 44. Rh8+
1-0

[Event "Fagernes Chess International 2014"]
[Site "Fagernes"]
[Date "2014.04.13"]
[Round "1"]
[White "Machlik, Edit"]
[Black "Merkesvik, Amalie Isabel"]
[Result "1-0"]
[WhiteElo "1913"]
[BlackElo "1521"]
[PlyCount "67"]
[EventDate "2014.??.??"]

1. d4 d5 2. c4 e6 3. Nc3 Nf6 4. cxd5 exd5 5. Bg5 c6 6. e3 Bd6 7. Qc2 Be6 8. Bd3
h6 9. Bh4 Nbd7 10. Nge2 Qc7 11. Bg3 Bxg3 12. Nxg3 g6 13. O-O h5 14. b4 h4 15.
Nge2 Ng4 16. g3 hxg3 17. hxg3 Nh2 18. Rfc1 Nf3+ 19. Kg2 Bg4 20. Rh1 O-O-O 21.
Nf4 Nf6 22. Rac1 Ng5 23. Be2 Bf5 24. Qa4 Rxh1 25. Rxh1 b5 26. Qa6+ Kd7 27. Nxb5
cxb5 28. Qxf6 Be4+ 29. f3 Nxf3 30. Qxf7+ Kc8 31. Qxc7+ Kxc7 32. Bxf3 Bxf3+ 33.
Kxf3 Rf8 34. Kg4
1-0

[Event "Fagernes Chess International 2014"]
[Site "Fagernes"]
[Date "2014.04.13"]
[Round "1"]
[White "Sajjadi, Kimiya"]
[Black "Snerthammer, Daniel"]
[Result "1/2-1/2"]
[WhiteElo "1503"]
[BlackElo "1913"]
[PlyCount "159"]
[EventDate "2014.??.??"]

1. d4 Nf6 2. c4 e6 3. Nc3 Bb4 4. Bg5 c5 5. Rc1 Qa5 6. Bxf6 gxf6 7. a3 Bxc3+ 8.
Rxc3 Nc6 9. Nf3 Qb6 10. Rb3 Qa5+ 11. Rc3 cxd4 12. Nxd4 Qb6 13. Nb5 Ne5 14. e3
a6 15. c5 Qc6 16. Nd6+ Ke7 17. Qh5 b6 18. Qh4 Ng6 19. Qe4 Qxe4 20. Nxe4 f5 21.
Nd2 bxc5 22. Rxc5 Bb7 23. f3 Rhc8 24. Nb3 Bd5 25. Rxc8 Rxc8 26. Nd4 Rc1+ 27.
Kd2 Rb1 28. Kc2 Ra1 29. Ne2 Ne5 30. Nc1 a5 31. b3 Nxf3 32. Kb2 Rxc1 33. Kxc1
Nh4 34. Rg1 Bxb3 35. Be2 Bd5 36. g3 Nf3 37. Bxf3 Bxf3 38. a4 Bc6 39. Kd2 Bxa4
40. Ra1 Bc6 41. Rxa5 Kf6 42. Kc3 Kg5 43. Ra1 Kg4 44. Rb1 Kh3 45. Rb8 Kxh2 46.
Rh8 Kxg3 47. Rxh7 Kf3 48. Kd2 f6 49. Rf7 e5 50. Rxf6 f4 51. exf4 exf4 52. Ke1
Ke3 53. Rf5 Be4 54. Rb5 d5 55. Rb2 Kf3 56. Rd2 Kg3 57. Rd1 f3 58. Rd2 d4 59.
Rb2 Kf4 60. Kf2 Bd5 61. Rd2 Ke4 62. Rd1 d3 63. Rd2 Kd4 64. Ke1 Bb3 65. Rh2 Kc3
66. Rf2 Bd5 67. Rh2 Be6 68. Rf2 Bg4 69. Rh2 Bf5 70. Rf2 Be4 71. Rh2 Kd4 72. Rd2
Ke3 73. Rf2 Bd5 74. Rd2 Bb3 75. Rh2 Ba4 76. Rd2 Bd7 77. Rh2 Bg4 78. Rd2 Bh3 79.
Ra2 Bg2 80. Rf2
1/2-1/2

[Event "Fagernes Chess International 2014"]
[Site "Fagernes"]
[Date "2014.04.13"]
[Round "1"]
[White "Bjornes, Leif"]
[Black "Heier, Odin Nikolai"]
[Result "1-0"]
[WhiteElo "1873"]
[BlackElo "1488"]
[PlyCount "81"]
[EventDate "2014.??.??"]

1. d4 d5 2. c4 e6 3. Nc3 Nf6 4. Bg5 Be7 5. e3 O-O 6. Nf3 b6 7. cxd5 exd5 8. Bd3
h6 9. Bh4 Be6 10. O-O Nbd7 11. Rc1 c5 12. Qe2 c4 13. Bb1 a6 14. e4 dxe4 15.
Nxe4 b5 16. Rfd1 Nd5 17. Bg3 f5 18. Neg5 Bf7 19. Ne6 Qe8 20. Nxf8 Qxf8 21. Bxf5
N7f6 22. Be6 Re8 23. Bxf7+ Qxf7 24. Ne5 Qe6 25. Re1 Qc8 26. a3 Bd6 27. Qf3 Bxe5
28. Bxe5 Rf8 29. Bxf6 Nxf6 30. h3 Qd7 31. Rcd1 Nd5 32. Qe4 Kh8 33. Qe6 Qb7 34.
g3 Nf6 35. d5 Qa7 36. Qe7 Qa8 37. d6 Nd5 38. Rxd5 Qxd5 39. Qxf8+ Kh7 40. Qf4
Qc6 41. Qe4+
1-0

[Event "Fagernes Chess International 2014"]
[Site "Fagernes"]
[Date "2014.04.13"]
[Round "1"]
[White "Myhre, Mads Wollan"]
[Black "Hølleland, Sigve"]
[Result "0-1"]
[WhiteElo "1487"]
[BlackElo "1871"]
[PlyCount "64"]
[EventDate "2014.??.??"]

1. c4 Nf6 2. d4 e6 3. Nf3 d5 4. g3 Nbd7 5. Bg2 dxc4 6. O-O Be7 7. Bf4 O-O 8.
Qc2 Nd5 9. Bd2 N7b6 10. Ne5 Nb4 11. Bxb4 Bxb4 12. e3 c6 13. Nxc4 Nxc4 14. Qxc4
Bd6 15. Nc3 e5 16. d5 cxd5 17. Bxd5 Bh3 18. Rfd1 Qe7 19. Nb5 Bc5 20. Rac1 Rac8
21. Qb3 a6 22. Nc3 b5 23. Bg2 Bxg2 24. Kxg2 Rfd8 25. Nd5 Qb7 26. e4 Bd4 27. Qb4
Kh8 28. Rxc8 Qxc8 29. Ne7 Qc2 30. Rd2 Qxe4+ 31. Kg1 Rc8 32. Rd1 Bxf2+
0-1

[Event "Fagernes Chess International 2014"]
[Site "Fagernes"]
[Date "2014.04.13"]
[Round "1"]
[White "Dahl, Trygve"]
[Black "Galinskyi, Mykhalo"]
[Result "1-0"]
[WhiteElo "1867"]
[BlackElo "1448"]
[PlyCount "83"]
[EventDate "2014.??.??"]

1. d4 d5 2. Bg5 f6 3. Bh4 Nc6 4. e3 Qd6 5. Nc3 a6 6. Qh5+ g6 7. Qxd5 Nb4 8.
Qxd6 exd6 9. O-O-O Be7 10. d5 a5 11. f3 Bd7 12. Bc4 f5 13. Bxe7 Nxe7 14. Nge2
Rf8 15. h4 Rb8 16. Nf4 b5 17. Be2 Rf6 18. g3 Na6 19. Ne6 Nxd5 20. Ng7+ Kd8 21.
Nxd5 Rf7 22. Nxf5 Rxf5 23. e4 Rf7 24. f4 Be6 25. h5 c6 26. Ne3 Kc7 27. hxg6
hxg6 28. Rh6 Rg8 29. f5 Bxa2 30. fxg6 Rfg7 31. Bh5 Be6 32. Nf5 Bxf5 33. exf5
Rf8 34. Rf1 Rf6 35. g4 Nc5 36. g5 Rf8 37. f6 Ne6 38. Re1 Rgg8 39. Rxe6 Kd7 40.
Re7+ Kd8 41. Rhh7 Re8 42. Ra7
1-0

[Event "Fagernes Chess International 2014"]
[Site "Fagernes"]
[Date "2014.04.13"]
[Round "1"]
[White "Lien, Johan"]
[Black "Løbersli, Henrik Øie"]
[Result "0-1"]
[WhiteElo "1410"]
[BlackElo "1857"]
[PlyCount "62"]
[EventDate "2014.??.??"]

1. e4 c5 2. Nf3 d6 3. Nc3 Nf6 4. Bc4 e6 5. O-O Be7 6. d4 cxd4 7. Qxd4 Nc6 8.
Qd1 O-O 9. Re1 a6 10. Bg5 b5 11. Bb3 Qc7 12. a3 Bb7 13. Bf4 Rfd8 14. Ba2 Rac8
15. Ng5 Ne5 16. Nxe6 fxe6 17. Bxe6+ Kh8 18. Bxc8 Qxc8 19. Nd5 Nxd5 20. exd5 Bf6
21. c3 Qc4 22. Qh5 Qxf4 23. Rad1 Qg5 24. Qh3 Bc8 25. Qe3 Qxe3 26. Rxe3 Nc4 27.
Re2 Kg8 28. f4 Bg4 29. Kf2 Bxe2 30. Kxe2 Nxb2 31. Rb1 Bxc3
0-1

[Event "Fagernes Chess International 2014"]
[Site "Fagernes"]
[Date "2014.04.13"]
[Round "1"]
[White "Mossin, Ivar Alexander"]
[Black "Juriloo, Karl"]
[Result "0-1"]
[WhiteElo "1847"]
[BlackElo "1409"]
[PlyCount "40"]
[EventDate "2014.??.??"]

1. e4 e5 2. Nf3 Nf6 3. Nxe5 d6 4. Nf3 Nxe4 5. Nc3 Nxc3 6. dxc3 Be7 7. Bf4 Bf5
8. Qd2 c6 9. O-O-O d5 10. c4 O-O 11. cxd5 cxd5 12. Qxd5 Qc8 13. Qc4 Nc6 14. Bd3
Bxd3 15. Qxd3 Nb4 16. Qb3 Qf5 17. Be3 Nxc2 18. Bd2 Na1 19. Qa4 b5 20. Nd4 Qc5+
0-1

[Event "Fagernes Chess International 2014"]
[Site "Fagernes"]
[Date "2014.04.13"]
[Round "1"]
[White "Kizatbay, Alseit"]
[Black "Ghaderi, Arman K"]
[Result "1/2-1/2"]
[WhiteElo "1408"]
[BlackElo "1843"]
[PlyCount "53"]
[EventDate "2014.??.??"]

1. d4 d5 2. c4 e6 3. Nc3 Be7 4. Nf3 Nf6 5. Bg5 O-O 6. e3 Nbd7 7. Rc1 b6 8. Be2
Bb7 9. O-O c5 10. cxd5 Nxd5 11. Bxe7 Qxe7 12. g3 Rfd8 13. Nd2 cxd4 14. exd4
N7f6 15. Bf3 Rac8 16. Qb3 Bc6 17. a3 Qb7 18. Nxd5 Bxd5 19. Bxd5 Qxd5 20. Qxd5
Nxd5 21. Nb3 Kf8 22. Rxc8 Rxc8 23. Rc1 Rd8 24. Kf1 Ke7 25. Ke2 Rd7 26. f3 Nc7
27. Ke3
1/2-1/2

[Event "Fagernes Chess International 2014"]
[Site "Fagernes"]
[Date "2014.04.13"]
[Round "1"]
[White "Tangelder, Yonne"]
[Black "Cerkezovic, Emir"]
[Result "1/2-1/2"]
[WhiteElo "1829"]
[BlackElo "1407"]
[PlyCount "48"]
[EventDate "2014.??.??"]

1. e4 c5 2. Nc3 Nc6 3. f4 e6 4. Nf3 d5 5. Bb5 dxe4 6. Bxc6+ bxc6 7. Nxe4 Nf6 8.
Qe2 Nxe4 9. Qxe4 Qd5 10. d3 Qxe4+ 11. dxe4 f6 12. c4 Be7 13. b3 Kd8 14. Bb2 Kc7
15. O-O-O Rd8 16. Rxd8 Kxd8 17. h3 Bd7 18. g4 Ke8 19. Rd1 g6 20. g5 fxg5 21.
fxg5 e5 22. h4 Bg4 23. Rd3 Bxf3 24. Rxf3 Bd6
1/2-1/2

[Event "Fagernes Chess International 2014"]
[Site "Fagernes"]
[Date "2014.04.13"]
[Round "1"]
[White "Dybvik, Bjørn Noralf"]
[Black "Rygg, Snorre"]
[Result "0-1"]
[WhiteElo "1284"]
[BlackElo "1821"]
[PlyCount "142"]
[EventDate "2014.??.??"]

1. c4 f5 2. Nc3 Nf6 3. g3 e6 4. Bg2 c6 5. Nf3 d5 6. cxd5 exd5 7. d4 Bd6 8. Bg5
O-O 9. O-O h6 10. Bxf6 Qxf6 11. Qb3 Kh8 12. Rac1 Nd7 13. e3 g5 14. a4 Qg7 15.
Ne2 Nf6 16. Nd2 Ne4 17. Nxe4 fxe4 18. f3 exf3 19. Bxf3 Bh3 20. Bg2 Bg4 21. Nc3
Rae8 22. Rxf8+ Rxf8 23. Rf1 Re8 24. Nd1 Be2 25. Re1 Bh5 26. Qc3 Qe7 27. Qd3 Qh7
28. Qxh7+ Kxh7 29. Nc3 Kg7 30. e4 dxe4 31. Rxe4 Bc7 32. Kf2 Bb6 33. Rxe8 Bxe8
34. Ke3 Bf7 35. Bf3 h5 36. Ne4 g4 37. Bd1 Bc7 38. Bc2 Bd5 39. b4 a5 40. bxa5
Bxa5 41. Ke2 Bc7 42. Kf2 b5 43. axb5 cxb5 44. Nc5 Bd6 45. Ne4 Bb4 46. Bd3 Ba5
47. Bc2 Bc7 48. Bd3 b4 49. Nc5 b3 50. Na4 Kf6 51. Nc5 Bf7 52. Ne4+ Ke7 53. Nc5
Bd6 54. Na4 Bb4 55. Ke3 Kd6 56. Kf4 Bd2+ 57. Kf5 Kd5 58. Kf6 Be8 59. Nb2 Kxd4
60. Bg6 Bd7 61. Bxh5 Be3 62. Bf7 Bg1 63. Kg5 Kc3 64. Nd1+ Kc2 65. Kf4 Kxd1 66.
Bxb3+ Ke2 67. Bf7 Be3+ 68. Ke4 Kf2 69. Bh5 Bc1 70. Ke5 Kg2 71. Ke4 Kxh2
0-1

[Event "Fagernes Chess International 2014"]
[Site "Fagernes"]
[Date "2014.04.13"]
[Round "1"]
[White "Gjertsen, Petter"]
[Black "Østgaard, Pål Inge"]
[Result "1/2-1/2"]
[WhiteElo "1815"]
[BlackElo "1284"]
[PlyCount "79"]
[EventDate "2014.??.??"]

1. f4 f5 2. Nf3 Nf6 3. e3 e6 4. b3 Be7 5. Be2 O-O 6. O-O d6 7. Bb2 Nc6 8. d4
Bd7 9. c4 Qe8 10. Nc3 Bd8 11. a3 Kh8 12. Qd2 Ne7 13. Rad1 Bc6 14. b4 a6 15. Ra1
Ne4 16. Qc2 Nxc3 17. Qxc3 Ng6 18. Rae1 Bf6 19. Qd2 Rd8 20. Bd3 Qd7 21. Bc2 Rde8
22. Rd1 d5 23. c5 Ra8 24. Bc3 Ba4 25. Rb1 Bc6 26. Rb2 Rfc8 27. g3 Rf8 28. h3
Qd8 29. Bd3 Qd7 30. g4 Bb5 31. g5 Bxd3 32. Qxd3 Be7 33. h4 h5 34. Qd1 Qe8 35.
Qe2 Kg8 36. Ra1 Qb5 37. a4 Qxe2 38. Rxe2 Rfc8 39. Be1 c6 40. Rea2
1/2-1/2

[Event "Fagernes Chess International 2014"]
[Site "Fagernes"]
[Date "2014.04.13"]
[Round "1"]
[White "Heitun, Odd Gunnar"]
[Black "Arntsen, Frode"]
[Result "1-0"]
[WhiteElo "1273"]
[BlackElo "1803"]
[PlyCount "77"]
[EventDate "2014.??.??"]

1. e4 d5 2. exd5 Qxd5 3. Nc3 Qd6 4. d4 Nf6 5. Nf3 c6 6. Be2 Bf5 7. O-O e6 8.
Nh4 Bg6 9. Nxg6 hxg6 10. h3 Nbd7 11. Be3 Be7 12. Qd3 O-O-O 13. d5 Nxd5 14. Nxd5
Qxd5 15. Rfd1 Qxd3 16. Rxd3 Bc5 17. Rxd7 Bxe3 18. Rxd8+ Rxd8 19. fxe3 Rd5 20.
Rd1 Re5 21. Kf2 Kc7 22. Rd2 g5 23. g4 g6 24. Kf3 f5 25. b4 Re4 26. Rd4 Re5 27.
a4 b6 28. Rd2 c5 29. c3 Re4 30. Bd3 Re5 31. Bb5 cxb4 32. cxb4 Re4 33. Rd4 Re5
34. Be8 a5 35. bxa5 bxa5 36. Rd7+ Kc8 37. Rg7 Rc5 38. Rxg6 Kd8 39. Rxe6
1-0

[Event "Fagernes Chess International 2014"]
[Site "Fagernes"]
[Date "2014.04.13"]
[Round "1"]
[White "Ali, Karim"]
[Black "Ødegaard, Karl Eirik"]
[Result "1-0"]
[WhiteElo "1797"]
[BlackElo "1257"]
[PlyCount "131"]
[EventDate "2014.??.??"]

1. b3 e5 2. Bb2 Nc6 3. e3 d5 4. Bb5 Bd6 5. Nf3 Bg4 6. h3 Bxf3 7. Qxf3 Nf6 8.
Nc3 a6 9. Bxc6+ bxc6 10. O-O O-O 11. d3 Re8 12. e4 d4 13. Ne2 c5 14. c3 Qe7 15.
Ng3 g6 16. c4 Kg7 17. Bc1 a5 18. Bg5 h6 19. Bh4 Qe6 20. Bxf6+ Qxf6 21. Qg4 Kh7
22. Ne2 Qg5 23. Qd7 Kg7 24. Rad1 Qe7 25. Qc6 Red8 26. Kh2 Qd7 27. Qxd7 Rxd7 28.
a4 Rb8 29. Nc1 f5 30. f3 Rf7 31. g3 fxe4 32. fxe4 Rbf8 33. Rxf7+ Rxf7 34. Kg2
Be7 35. Rf1 Rxf1 36. Kxf1 h5 37. Ne2 Kf6 38. Ng1 g5 39. Kg2 Ke6 40. Nf3 Bf6 41.
Nd2 Kd6 42. Nb1 Kc6 43. Nd2 Kd6 44. b4 cxb4 45. Nb3 Kc6 46. Nxa5+ Kb6 47. Nb3
Be7 48. Kf3 c5 49. Ke2 Ka6 50. Kd2 Kb6 51. Kc2 Bf8 52. Nd2 g4 53. hxg4 hxg4 54.
Nf1 Bh6 55. Nh2 Ka5 56. Nxg4 Be3 57. Kb3 Bd2 58. Nxe5 Kb6 59. g4 Bf4 60. Nf3
Kc6 61. g5 Kd6 62. a5 Ke6 63. a6 Bb8 64. Ka4 Ba7 65. Nd2 Kf7 66. Kb5
1-0

[Event "Fagernes Chess International 2014"]
[Site "Fagernes"]
[Date "2014.04.13"]
[Round "1"]
[White "Bakkejord, Odd Vidar"]
[Black "Machlik, Endre"]
[Result "0-1"]
[WhiteElo "1225"]
[BlackElo "1790"]
[PlyCount "50"]
[EventDate "2014.??.??"]

1. c4 c5 2. g3 g6 3. Bg2 Bg7 4. f4 Nc6 5. e3 d6 6. a3 e6 7. Nc3 Nge7 8. Nge2
O-O 9. Ne4 b6 10. Rb1 d5 11. cxd5 exd5 12. Ng5 Bf5 13. e4 dxe4 14. Nxe4 Qd3 15.
Ra1 Bxe4 16. Bxe4 Qxe4 17. Kf2 Nd4 18. Nc3 Qd3 19. Re1 Nc2 20. Rxe7 Nxa1 21.
Re3 Bd4 22. Qf3 Nb3 23. Qd1 Bxe3+ 24. Kg2 Nxc1 25. Qxc1 Qxd2+
0-1

[Event "Fagernes Chess International 2014"]
[Site "Fagernes"]
[Date "2014.04.13"]
[Round "1"]
[White "Ødegaard, Per Chr"]
[Black "Robertsen, Bjørn"]
[Result "0-1"]
[WhiteElo "1772"]
[BlackElo "1185"]
[PlyCount "58"]
[EventDate "2014.??.??"]

1. Nf3 Nf6 2. d4 e6 3. Bg5 h6 4. Bf4 c5 5. e3 Nc6 6. h3 d5 7. Be2 Bd7 8. O-O
Be7 9. Nc3 Rc8 10. Nb5 cxd4 11. exd4 O-O 12. Nd6 Rb8 13. Nb5 Ra8 14. Ne5 Nxe5
15. Bxe5 Bxb5 16. Bxb5 Bd6 17. Bd3 Bxe5 18. dxe5 Nd7 19. Qe2 Nc5 20. Rad1 Nxd3
21. Rxd3 f5 22. c4 Qa5 23. cxd5 exd5 24. a3 Rfe8 25. Rfd1 d4 26. f4 Rad8 27.
Qf2 Qb6 28. Rxd4 Rxd4 29. Qxd4 Rd8
0-1

[Event "Fagernes Chess International 2014"]
[Site "Fagernes"]
[Date "2014.04.13"]
[Round "1"]
[White "Landsverk, Ida"]
[Black "Risting, Eivind Olav"]
[Result "0-1"]
[WhiteElo "1160"]
[BlackElo "1743"]
[PlyCount "47"]
[EventDate "2014.??.??"]

1. c4 Nf6 2. g3 e6 3. Bg2 d5 4. cxd5 exd5 5. Nf3 Be7 6. O-O O-O 7. d3 c5 8.
Nbd2 Nc6 9. Re1 Bg4 10. e4 Qc7 11. exd5 Nxd5 12. Ne4 Rfd8 13. Qb3 Bxf3 14. Bxf3
Nd4 15. Qd1 Nb4 16. Bf4 Qb6 17. Rc1 Nxf3+ 18. Qxf3 Nxd3 19. Qe2 Nxc1 20. Bxc1
Bf6 21. Nxf6+ Qxf6 22. h4 h6 23. Bf4 Qc6 24. Be5
0-1

[Event "Fagernes Chess International 2014"]
[Site "Fagernes"]
[Date "2014.04.13"]
[Round "1"]
[White "Tallaksen, Henrik G"]
[Black "Kizatbay, Abyl"]
[Result "1/2-1/2"]
[WhiteElo "1743"]
[BlackElo "1144"]
[PlyCount "86"]
[EventDate "2014.??.??"]

1. e4 c5 2. Nf3 d6 3. d4 cxd4 4. Nxd4 Nf6 5. Nc3 Nc6 6. f3 h6 7. Be3 e5 8. Nb3
Be6 9. Bd3 Be7 10. Qd2 Rb8 11. g4 a5 12. Bb5 Nd7 13. Nd5 Bh4+ 14. Bf2 Bxf2+ 15.
Qxf2 Bxd5 16. exd5 Ne7 17. c4 b6 18. Nd2 O-O 19. Bxd7 Qxd7 20. a4 Ng6 21. b3
Nf4 22. Kd1 f5 23. h3 Rbe8 24. Qg3 Nd3 25. Kc2 Nb4+ 26. Kc3 Qf7 27. Qf2 Rc8 28.
Rad1 e4 29. fxe4 Qf6+ 30. Qd4 fxe4 31. Qxf6 Nxd5+ 32. Kd4 Nxf6 33. Nxe4 Nxe4
34. Kxe4 Rfe8+ 35. Kd4 Re2 36. Rde1 Rce8 37. Rxe2 Rxe2 38. Rf1 Rd2+ 39. Kc3 Re2
40. Rf3 Re7 41. Kd4 Re5 42. Rf4 Rc5 43. h4 g5
1/2-1/2

[Event "Fagernes Chess International 2014"]
[Site "Fagernes"]
[Date "2014.04.13"]
[Round "1"]
[White "Larsen, Per Magnus"]
[Black "Mørkedal, Øyvind"]
[Result "0-1"]
[WhiteElo "1023"]
[BlackElo "1729"]
[PlyCount "72"]
[EventDate "2014.??.??"]

1. d4 d5 2. c4 c6 3. Nf3 Nf6 4. cxd5 cxd5 5. Nc3 Nc6 6. e3 Bf5 7. Bb5 a6 8. Ba4
b5 9. Bc2 Bxc2 10. Qxc2 Nb4 11. Qe2 e6 12. O-O Bd6 13. b3 Rc8 14. Bd2 O-O 15.
Ne1 Ne4 16. Nxe4 dxe4 17. a3 Nd5 18. b4 Qh4 19. g3 Qh3 20. f4 f5 21. Qg2 Qh5
22. Rc1 Rxc1 23. Bxc1 Rc8 24. Nc2 Nc3 25. Rf2 Nd5 26. Kf1 Rxc2 27. Rxc2 Qd1+
28. Kf2 Qxc2+ 29. Kg1 Qxc1+ 30. Kf2 Qd2+ 31. Kf1 Qxg2+ 32. Kxg2 Nxe3+ 33. Kf2
Nc2 34. Ke2 Nxd4+ 35. Ke3 Nc2+ 36. Kd2 Nxa3
0-1